000 00833nam a2200277 a 4500
001 11813
003 BD-RjUL
005 20211208235203.0
008 140127s1975 enka b 001 0 eng
020 _a0470565780
020 _a041213070X
035 _a(BD-RjUL)11862
040 _aDLC
_cDLC
_dBD-RjUL
_beng
041 _aeng
082 0 0 _a571.74
_bMAH 1978
_223
100 1 _aMalkinson, A. M.
_936596
245 1 0 _aHormone action /
_cA. M. Malkinson.
260 _aLondon ;
_bChapman and Hall ;
_aNew York :
_bWiley,
_cc1975 [reprinted 1978]
300 _a64 p. :
_bill. ;
_c21 cm.
490 0 _aOutline studies in biology
504 _aIncludes bibliographical references and index.
650 0 _aHormones.
_936597
650 2 _aHormones
_xPhysiology.
_936598
830 _aOutline studies in biology
_9214394
942 _2ddc
_cBK
999 _c11813
_d11813